000 00584nam a2200205Ii 4500
003 JO-AjNU
008 230606s9999||||xx |||||||||||||| ||und||
020 _a0-13-079976-9
040 _aJO-AjNU
_beng
_erda
_cJO-AjNU
041 _aeng
050 1 4 _aPS3562.034.A9 1999
100 3 _aLoebbecke, james,
_eauthor
_93323
245 0 4 _athe Auditor an instruction novella
264 3 1 _aNew jersy:printic hall ,1999
300 _a120p
336 _atext
_btxt
_2rdacontent
337 _aunmediated
_bn
_2rdamedia
338 _avolume
_bnc
_2rdacarrier
650 4 _aNovel-American
_93324
999 _aE1737
_c1737
_d1737